=LDR 00000nam 2200000 4500 =001 INLIS000000000038357 =005 20130612144028 =008 ***********************************Ind** =035 ##$$0010-061300000038357 =041 ##$$a Ind =082 ##$$a 641.86 =090 ##$$a 641.86, Dua d =245 ##$$a 26 resep cup cake gurih, Untuk jualan, suvenir =260 ##$$a 2010 $b Jakarta =300 ##$$a 55 hlm, Ilus, 25 cm =650 ##$$a Kue - Resep =700 ##$$a Hardiman, Intarina =850 ##$$a NBPNMAT